Internationalization : process, context, and markets /

Bibliographic Details
Corporate Author: Academy of International Business. UK Chapter. Conference
Other Authors: Hooley, Graham J., Loveridge, Ray, Wilson, David
Format: Book
Language:English
Published: New York : St. Martin's Press, 1998.
Series:Academy of International Business series (New York, N.Y.)
Subjects:
Online Access:Table of contents

MARC

Tag First Indicator Second Indicator Subfields
LEADER 00000cam a2200000 a 4500
001 in00001445430
005 20151020104336.0
008 971014s1998 nyua b 101 0 eng
010 |a  97042409  
020 |a 0312213298 (cloth) 
035 |a (OCoLC)37863939 
035 |9 AJB2457AM 
040 |a DLC  |c DLC  |d TXA  |d UtOrBLW 
049 |a TXAM 
050 0 0 |a HD2755.5  |b .I5876 1998 
082 0 0 |a 658/.049  |2 21 
245 0 0 |a Internationalization :  |b process, context, and markets /  |c edited by Graham Hooley, Ray Loveridge, and David Wilson. 
264 1 |a New York :  |b St. Martin's Press,  |c 1998. 
300 |a xvi, 279 pages :  |b illustrations ;  |c 25 cm. 
336 |a text  |b txt  |2 rdacontent 
337 |a unmediated  |b n  |2 rdamedia 
338 |a volume  |b nc  |2 rdacarrier 
490 1 |a The Academy of International Business series 
500 |a Selected papers from the 23rd Annual Conference of the UK Chapter of the Academy of International Business held at the Aston Business School, Birmingham in March 1996. 
504 |a Includes bibliographical references and index. 
650 0 |a International business enterprises  |v Congresses. 
700 1 |a Hooley, Graham J. 
700 1 |a Loveridge, Ray. 
700 1 |a Wilson, David. 
710 2 |a Academy of International Business.  |b UK Chapter.  |b Conference  |n (23rd :  |d 1996 :  |c Aston Business School) 
830 0 |a Academy of International Business series (New York, N.Y.) 
856 7 |3 Table of contents  |u http://lcweb.loc.gov/catdir/toc/97-42409.html  |2 http  |t 0 
948 |a C:BLW  |d 20030915 
999 |a MARS 
999 f f |s d73ff34f-f431-312d-82a9-a53ed13cdfef  |i 480e3656-26c8-3862-a570-c917f2025abc  |t 0 
952 f f |p ric  |a Texas A&M University  |b Rellis Campus  |c Joint Library Facility  |d Remote Storage  |t 0  |e HD2755.5 .I5876 1998  |h Library of Congress classification  |i unmediated -- volume  |m A14823560131 
998 f f |a HD2755.5 .I5876 1998  |t 0  |l Remote Storage